000
00215nam a22000857a 4500
008
170215b xxu||||| |||| 00| 0 eng d
100
_9
2880
_a
Gupta
245
_a
Composite Mathematics-VIII
260
_a
New Delhi
_b
Arya
_c
2007
999
_c
6107
_d
6107